Normale Ansicht MARC-Ansicht ISBD

Wohnen bedeutet für die Menschen Lebensmittelpunkt, Zuhause & Heimat. Wir gestalten mit und machen unsere Stadt Lebenswert! (Titelsatznr. 372265)

[ MARC ]
MARC-Details
000 -Satzkennung
Kontrollfeld mit fester Länge 00698nab a2200181 4500
001 - Kontrollnummer
Kontrollfeld 90031
003 - Kontrollnummer Identifier
Kontrollfeld OSt
005 - Datum und Zeit der letzten Transaktion
Kontrollfeld 20230303122158.0
007 - Feld mit fester Länge zur physischen Beschreibung - Allgemeine Information
Kontrollfeld mit fester Länge tu
008 - Feld mit fester Länge zur physischen Beschreibung - Allgemeine Angaben
Kontrollfeld mit fester Länge 110905s2000|||||||
040 ## - Katalogisierungsquelle
Original-Katalogisierungsstelle DE-2950
Übertragungsstelle DE-2950
245 00 - Titel
Titel Wohnen bedeutet für die Menschen Lebensmittelpunkt, Zuhause & Heimat. Wir gestalten mit und machen unsere Stadt Lebenswert!
Zusatz zum Titel Jahresrückblick und Perspektiven für 2023 /
Verfasserangabe etc. Jan Eckardt, Geschäftsführer der Wohnungswirtschaft Frankfurt (Oder) GmbH
264 ## - Produktion, Veröffentlichung, Distribution, Herstellung und Urheberrechtsvermerk
Datum der Herstellung, der Veröffentlichung, des Vertriebs oder des Urheberschutzvermerks 2023
653 ## - Indexierungsterm - Nicht normiert
Nicht-normierter Term Frankfurt (Oder)
653 ## - Indexierungsterm - Nicht normiert
Nicht-normierter Term Wohnungswirtschaft
773 0# - Übergeordnete Einheit
Verknüpfungsangaben 34. Jahrgang (2023) Nr. 48, 25./26.02.2023, Sonderveröffentlichung, S. I-IV: Fotos
Titel Märkische Oderzeitung
942 ## - Zusätzliche Felder (Koha)
Klassifikation oder Aufstellungssystematik Andere/Generische Klassifikation
Koha-Medientyp Aufsätze
Exemplare
Ausgeschieden Verloren Klassifikation oder Aufstellungssystematik Beschädigt Nicht entleihbar Heimatbibliothek Aufenthaltsbibliothek Aufstellungsort Erwerbungsdatum Anzahl Ausleihen Letzte Aktivität Preis gültig von Koha-Medientyp
    Andere/Generische Klassifikation     Stadtarchiv Frankfurt (Oder) | Archivbibliothek Stadtarchiv Frankfurt (Oder) | Archivbibliothek Magazin 03/03/2023   03/03/2023 03/03/2023 Aufsätze